[Event "AUTO-ADV-3255"]
[Site "http://www.queenalice.com/game.php?id=1312598"]
[Date "2014.10.4"]
[Round "1"]
[White "grautvornix"]
[Black "bouley"]
[Result "0-1"]
[WhiteElo "1841"]
[BlackElo "1967"]

1. Nf3 Nf6 2. c4 Nc6 3. g3 e5 4. d3 Bb4+ 5. Bd2 d6 6. Bg2 O-O 7. O-O Bg4 8. Nc3
Qd7 9. a3 Bxc3 10. bxc3 h6 11. Bh1 Rab8 12. Ne1 Bh3 13. Bg2 b5 14. cxb5 Rxb5 15.
Nc2 Bxg2 16. Kxg2 Rfb8 17. e4 d5 18. Nb4 dxe4 19. Nxc6 Qxc6 20. f3 exd3 21. Re1
e4 22. Re3 exf3+ 23. Qxf3 Qxf3+ 24. Kxf3 Rd5 25. Ra2 Rb1 26. Be1 Rf5+ 27. Kg2
Nd5 28. Rxd3 Rxe1 0-1

[Event "AUTO-ADV-3255"]
[Site "http://www.queenalice.com/game.php?id=1312599"]
[Date "2014.10.4"]
[Round "1"]
[White "bouley"]
[Black "grautvornix"]
[Result "0-1"]
[WhiteElo "2002"]
[BlackElo "1837"]

1. e4 d6 2. d4 g6 3. Nf3 Bg7 4. Bc4 a6 5. Ng5 Nh6 6. O-O e6 7. c3 b6 8. Qe2 O-O
9. Be3 e5 10. dxe5 dxe5 11. h3 Qe7 12. Nd2 Be6 13. Nxe6 fxe6 14. a4 Nd7 15. b4
Nf7 16. Bxa6 Nd6 17. f3 Nf6 18. Bc4 Nxc4 19. Nxc4 Nd7 20. a5 bxa5 21. Nxa5 Qh4
22. Rfd1 Nf6 23. Qc4 Rae8 24. Nc6 Nh5 25. Bf2 Qg5 26. Qf1 Rxf3 27. g4 Nf4 28.
Rd8 Rxd8 29. Nxd8 Qxd8 30. Rd1 Qg5 31. Qa6 Nxh3+ 32. Kh2 Qf4+ 33. Kg2 Rxf2+ 34.
Kxh3 Qh2# 0-1

[Event "Challenge"]
[Site "http://www.queenalice.com/game.php?id=1322542"]
[Date "2014.11.17"]
[Round "-"]
[White "ORNELAS"]
[Black "grautvornix"]
[Result "0-1"]
[WhiteElo "1645"]
[BlackElo "1852"]

1. e4 d6 2. d4 g6 3. d5 Bg7 4. c3 Nh6 5. Bg5 f6 6. Bxh6 Bxh6 7. Nf3 O-O 8. Bd3
Nd7 9. Nh4 Ne5 10. O-O g5 11. Nf5 Bxf5 12. exf5 c5 13. Be4 a5 14. Qh5 Bg7 15. b3
Kh8 16. a4 Qe8 17. Qe2 Rb8 18. c4 Bh6 19. Nd2 g4 20. g3 Qh5 21. h4 Rg8 22. Kh2
Bxd2 23. Qxd2 Rg7 24. Qxa5 b6 25. Qa7 Rbg8 26. Qxb6 Nf3+ 27. Bxf3 gxf3 28. b4
cxb4 29. Qxb4 Qxf5 30. Rg1 Qe4 31. Rae1 Qd4 32. Re3 Rg4 33. Rxf3 Rxh4+ 34. gxh4
Qxh4+ 35. Rh3 Qxf2+ 0-1

[Event "AUTO-OPEN-3400"]
[Site "http://www.queenalice.com/game.php?id=1328634"]
[Date "2014.12.17"]
[Round "1"]
[White "roqqk"]
[Black "grautvornix"]
[Result "0-1"]
[WhiteElo "1556"]
[BlackElo "1815"]

1. e4 d6 2. Nc3 g6 3. Nf3 Bg7 4. Bc4 a6 5. O-O e6 6. d3 Nd7 7. Ng5 Nh6 8. f4 b5
9. Bxe6 O-O 10. Nd5 Nf6 11. Bxc8 Rxc8 12. b4 Nxd5 13. Rb1 Nc3 14. Qf3 Qd7 15.
Rb3 Nxa2 16. Ra3 Nxb4 17. c3 Nc6 18. f5 Ne5 19. Qe3 Nhg4 20. Qf4 h6 21. Nf3 g5
22. Nxe5 Nxe5 23. Qe3 Ng4 24. Qg3 Nf6 25. Rxa6 c6 26. Be3 Kh7 27. Ra7 Rc7 28.
Ra6 Re8 29. Qh3 Rh8 30. Bxg5 Kg8 31. Bxf6 Bxf6 32. Qg4+ Kh7 33. Qh5 Rg8 34. h4
Qe7 35. g4 Bxh4 36. f6 Qe5 37. Qxh4 Qxc3 38. Ra2 Qxd3 39. Rh2 Qe3+ 40. Kg2 Qxe4+
41. Kg3 Qg6 42. Kf4 Ra7 43. Kg3 Ra3+ 44. Rf3 Ra4 45. Rf4 Rxf4 46. Kxf4 Qg5+ 47.
Qxg5 Rxg5 48. Ra2 Rc5 49. Ra7 Kg6 50. Rd7 d5 51. Ke5 b4 52. Kd6 Rc4 53. Ra7 b3
54. Ra1 b2 55. Rb1 Rc2 56. Ke7 d4 57. Kd6 d3 58. Ke7 d2 59. g5 hxg5 60. Rh1 Rc1
0-1

[Event "AUTO-OPEN-3400"]
[Site "http://www.queenalice.com/game.php?id=1328635"]
[Date "2014.12.17"]
[Round "1"]
[White "grautvornix"]
[Black "roqqk"]
[Result "0-1"]
[WhiteElo "1843"]
[BlackElo "1539"]

1. Nf3 e6 2. c4 Qf6 3. d4 h6 4. e4 d6 5. Nc3 Na6 6. a3 Bd7 7. Be3 O-O-O 8. c5
dxc5 9. Bxa6 bxa6 10. Ne5 Bb5 11. Na4 Ne7 12. Nxc5 g5 13. a4 Bc6 14. Qb3 Ng6 15.
Nxc6 Bxc5 16. Qb8+ Kd7 17. Ne5+ Nxe5 18. dxe5 Qxe5 19. Rd1+ Ke7 20. Bxc5+ Qxc5
21. Qb3 Qa5+ 22. Ke2 Qe5 23. g3 Rxd1 24. Rxd1 Qxe4+ 25. Qe3 Qxa4 26. Qxa7 Qc2+
27. Rd2 Qc4+ 28. Ke1 Kf6 29. Qd4+ Qxd4 30. Rxd4 Rb8 31. Rd2 Kf5 32. Rd7 c5 33.
Rxf7+ Ke5 34. Rh7 Rxb2 35. Rxh6 c4 36. Kd1 Rxf2 37. h4 gxh4 38. Rh5+ Kd4 39.
Rxh4+ Kd3 40. Ke1 Rg2 41. g4 c3 42. Rh8 Re2+ 43. Kf1 c2 44. Rd8+ Ke3 45. Rc8 Rd2
46. Rc3+ Kd4 0-1

[Event "AUTO-OPEN-3400"]
[Site "http://www.queenalice.com/game.php?id=1328656"]
[Date "2014.12.17"]
[Round "1"]
[White "grautvornix"]
[Black "duschgel"]
[Result "0-1"]
[WhiteElo "1854"]
[BlackElo "2110"]

1. Nf3 d5 2. c4 Nf6 3. cxd5 Nxd5 4. Nc3 g6 5. e4 Nb6 6. Bc4 Nxc4 7. b3 Nb6 8.
O-O Bg7 9. Bb2 O-O 10. d4 Bg4 11. h3 Bxf3 12. Qxf3 c6 13. Ne2 Na6 14. Rad1 Qc7
15. a3 Rad8 16. Bc3 c5 17. d5 Bxc3 18. Nxc3 Qe5 19. Rfe1 Nd7 20. Rd3 Qc7 21. Qd1
Ne5 22. Rde3 e6 23. Qc1 c4 24. b4 Nd3 25. Qd1 Nxe1 26. Rxe1 Qe5 27. Nb5 Qb8 28.
d6 Rd7 29. e5 Qa8 30. Qa4 Nb8 31. Nd4 a6 32. b5 Rc8 33. Re4 Qa7 34. Nf3 c3 35.
Nd4 Qc5 36. Nc2 axb5 37. Qb3 Nc6 38. Re3 Nxe5 0-1

[Event "AUTO-OPEN-3400"]
[Site "http://www.queenalice.com/game.php?id=1328657"]
[Date "2014.12.17"]
[Round "1"]
[White "duschgel"]
[Black "grautvornix"]
[Result "1-0"]
[WhiteElo "2114"]
[BlackElo "1848"]

1. c4 d6 2. g3 g6 3. Bg2 Bg7 4. Nc3 a6 5. e4 c5 6. Nge2 e6 7. O-O Ne7 8. d3 Nbc6
9. a3 O-O 10. f4 Rb8 11. g4 Nd4 12. Ng3 b5 13. f5 exf5 14. exf5 gxf5 15. gxf5
Ndxf5 16. Nh5 Bd4+ 17. Kh1 Ng6 18. Be4 Ng7 19. Bh6 Bb7 20. Nd5 Qh4 21. Qf3 Bxd5
22. Bxd5 Ne5 23. Nf6+ Kh8 24. Bxg7+ Kxg7 25. Qg2+ Kh8 26. Be4 Ng6 27. Rf3 Bxf6
28. Raf1 Rg8 29. Rxf6 Ne5 30. Qd2 Rg7 31. cxb5 c4 32. R6f4 Qh6 33. bxa6 cxd3 34.
a7 1-0

[Event "AUTO-OPEN-3400"]
[Site "http://www.queenalice.com/game.php?id=1328658"]
[Date "2014.12.17"]
[Round "1"]
[White "grautvornix"]
[Black "Severynnas"]
[Result "1-0"]
[WhiteElo "1824"]
[BlackElo "1632"]

1. Nf3 d5 2. c4 dxc4 3. Na3 Qd5 4. Qa4+ c6 5. Qxc4 Qxc4 6. Nxc4 Nf6 7. d3 Nbd7
8. b4 a6 9. e4 b5 10. Nce5 e6 11. Nxc6 Bb7 12. Nfe5 Bd6 13. Bb2 O-O 14. f4 Rac8
15. Nxd7 Nxd7 16. e5 Bxc6 17. exd6 Rfd8 18. Kf2 f6 19. Be2 Nb6 20. Bd4 Rxd6 21.
Bxb6 Bxg2 22. Kxg2 g6 23. Rhc1 Rxc1 24. Rxc1 Rxb6 25. Bf3 e5 26. fxe5 fxe5 27.
Rc5 Kg7 28. Rc6 Rxc6 29. Bxc6 Kf6 30. Kf3 g5 31. h4 gxh4 32. Bb7 h3 33. Kg3 Kf5
34. Bxa6 h2 35. Kxh2 h5 36. Bxb5 e4 37. d4 e3 38. Bd3+ Ke6 39. a4 h4 40. Kh3 Kd5
41. b5 Kd6 42. Kxh4 Kc7 43. Kg4 Kb7 44. a5 Ka7 45. d5 Kb7 46. d6 Kc8 47. b6 Kd8
48. b7 Kd7 49. b8=Q Ke6 50. Be2 Kf6 51. d7 Ke6 52. Qe8+ Kf6 53. d8=Q+ Kg7 54.
Qg5+ Kh7 55. Qeh5# 1-0

[Event "AUTO-OPEN-3400"]
[Site "http://www.queenalice.com/game.php?id=1328659"]
[Date "2014.12.17"]
[Round "1"]
[White "Severynnas"]
[Black "grautvornix"]
[Result "0-1"]
[WhiteElo "1482"]
[BlackElo "1810"]

1. e4 d6 2. d4 g6 3. Nc3 a6 4. Nd5 Bg7 5. Nf3 e6 6. Nc3 Nd7 7. Be3 b5 8. Qd3 Bb7
9. Be2 Ne7 10. O-O O-O 11. b4 Nf6 12. h3 h6 13. a4 g5 14. axb5 axb5 15. Qxb5
Bxe4 16. Nxe4 Nxe4 17. Rxa8 Nc8 18. Qa5 Qe7 19. Bd3 Nf6 20. g3 Nb6 21. Ra7 Nfd5
22. Bd2 Qd8 23. Be4 Qf6 24. Nh2 Qxd4 25. Bd3 Nc4 26. Bxc4 Qxc4 27. Ng4 Rc8 28.
Ne3 Nxe3 29. Bxe3 Bc3 30. Rb7 Bg7 31. g4 f5 32. gxf5 e5 33. Ra7 Bf6 34. Ra1 h5
35. Rd1 g4 36. Qd5+ Qxd5 37. Rxd5 Kf7 38. c4 Ke7 39. hxg4 hxg4 40. b5 Kd7 41.
Kg2 Rg8 42. Bb6 Rc8 43. Ba5 Bh4 44. b6 Kc6 45. bxc7 e4 46. f6 Bxf6 47. Rb5 Bd8
48. f4 Bf6 49. Rf5 Bd4 50. Ra6+ Kb7 51. Rf6 Kxa6 52. Bb4 Kb7 53. Rxd6 Bb6 54. f5
Rxc7 55. Bd2 e3 56. Be1 Rxc4 57. Rd7+ Kc8 58. f6 Kxd7 59. f7 Bc5 60. Ba5 Ke6 61.
Kg3 e2 62. Kh4 Kxf7 63. Kg5 g3 64. Bd8 e1=Q 65. Kh6 Rg4 66. Kh5 Qh1+ 0-1

[Event "Challenge"]
[Site "http://www.queenalice.com/game.php?id=1337844"]
[Date "2015.1.29"]
[Round "-"]
[White "JadeTgr7"]
[Black "grautvornix"]
[Result "0-1"]
[WhiteElo "1736"]
[BlackElo "1829"]

1. e4 d6 2. Nf3 g6 3. Nc3 a6 4. a4 b6 5. Bc4 Bg7 6. d3 e6 7. O-O Nd7 8. Be3 Ne7
9. d4 Bb7 10. d5 e5 11. Ng5 h6 12. Nh3 g5 13. f3 Ng6 14. g3 Nf6 15. Nf2 Bc8 16.
b4 O-O 17. a5 b5 18. Bd3 Qe8 19. Qd2 Bd7 20. Ne2 Nh5 21. Rae1 Qc8 22. Kg2 Kh8
23. Rh1 f5 24. Reg1 f4 25. g4 Nh4+ 26. Kf1 fxe3 27. Qxe3 Rxf3 28. Qxf3 Nxf3 0-1

[Event "Challenge"]
[Site "http://www.queenalice.com/game.php?id=1337845"]
[Date "2015.1.29"]
[Round "-"]
[White "grautvornix"]
[Black "JadeTgr7"]
[Result "1-0"]
[WhiteElo "1802"]
[BlackElo "1620"]

1. Nf3 g6 2. c4 Bg7 3. d4 d6 4. Nc3 c6 5. Bf4 Bf5 6. h3 Nf6 7. e3 Qa5 8. Bd3 Qb4
9. a3 Qxb2 10. Bxf5 Qxc3+ 11. Nd2 gxf5 12. O-O Ne4 13. Nxe4 fxe4 14. Qb1 b6 15.
Qxe4 Qxc4 16. Rfc1 Qd5 17. Qxd5 cxd5 18. Rc7 e5 19. dxe5 dxe5 20. Bh6 Bxh6 21.
Rc8+ Kd7 22. Rxh8 Bg5 23. Rc1 Bf6 24. Rg8 Bd8 25. Rg7 Nc6 26. Rxf7+ Kd6 27. Rxh7
Bf6 28. Rh6 Rf8 29. g4 1-0

[Event "OS INCLIVEIS"]
[Site "http://www.queenalice.com/game.php?id=1343516"]
[Date "2015.2.23"]
[Round "-"]
[White "adelio"]
[Black "grautvornix"]
[Result "0-1"]
[WhiteElo "1677"]
[BlackElo "1819"]

1. d4 b5 2. e4 a6 3. e5 Bb7 4. Nc3 e6 5. Nce2 c5 6. Ng3 g6 7. Nf3 cxd4 8. Ng5 h6
9. Nxf7 Kxf7 10. h4 h5 11. Bg5 Qe8 12. Qd2 Be7 13. Qf4+ Kg7 14. f3 Nh6 15. Bf6+
Bxf6 16. Qxf6+ Kh7 17. Bd3 Nf5 18. Nxh5 Qf8 19. Nf4 Qxf6 20. exf6 Rf8 21. h5 g5
22. Nh3 Kh6 23. f4 g4 24. Bxf5 exf5 25. Ng5 Rxf6 26. Kf2 Bd5 27. Rh2 Nc6 28.
Rah1 Ne7 29. Nh7 Kxh7 30. Kg3 Kh6 31. Re1 Be4 32. Re2 d5 33. c3 d3 34. Rd2 Nc8
35. Kf2 Nd6 36. b3 Rc8 37. c4 dxc4 38. bxc4 Rxc4 39. g3 Rc2 40. Ke1 Nc4 41. Rxc2
dxc2 42. Rxc2 Bxc2 43. Kf1 Re6 44. Kf2 Bb1 45. Kf1 Bxa2 46. Kf2 b4 47. Kg1 b3
48. Kf2 b2 49. Kg2 b1=Q 50. Kf2 Qe1+ 51. Kg2 Re2# 0-1

[Event "OS INCLIVEIS"]
[Site "http://www.queenalice.com/game.php?id=1343517"]
[Date "2015.2.23"]
[Round "-"]
[White "grautvornix"]
[Black "adelio"]
[Result "1-0"]
[WhiteElo "1809"]
[BlackElo "1670"]

1. Nf3 c5 2. c4 d6 3. Nc3 e6 4. e3 Be7 5. a3 h5 6. d4 h4 7. dxc5 g5 8. cxd6 Bxd6
9. Ne4 Be7 10. Qxd8+ Kxd8 11. b4 Nf6 12. Bb2 Nxe4 13. Bxh8 Nxf2 14. Kxf2 f6 15.
e4 Nc6 16. Rd1+ Bd7 17. e5 fxe5 18. Bxe5 Ke8 19. Bd3 Rd8 20. Bg6+ Kf8 21. Rhe1
Nxb4 22. axb4 Bxb4 23. Re2 Bc5+ 24. Bd4 Bxd4+ 25. Nxd4 Ke7 26. Nxe6 Bxe6 27.
Rxe6+ Kxe6 28. Rxd8 a6 29. Ke3 a5 30. Bc2 Ke7 31. Rd5 g4 32. Rxa5 Kd7 33. Be4
Kc7 34. Bxb7 Kxb7 35. Kd4 Kb6 36. Ra3 Kc6 37. c5 Kd7 38. Kd5 Kc7 39. c6 Kc8 40.
Kd6 Kb8 41. Kd7 g3 42. c7+ Kb7 43. c8=Q+ Kb6 44. Rb3+ Ka7 45. Qb7# 1-0

[Event "Challenge"]
[Site "http://www.queenalice.com/game.php?id=1344940"]
[Date "2015.3.1"]
[Round "-"]
[White "jw16js"]
[Black "grautvornix"]
[Result "0-1"]
[WhiteElo "1497"]
[BlackElo "1818"]

1. b3 a5 2. Bb2 a4 3. b4 e6 4. a3 Nf6 5. Be5 d6 6. Bc3 b5 7. e3 c6 8. Qf3 d5 9.
Be5 Nbd7 10. d4 Nxe5 11. dxe5 Ne4 12. Bd3 Ng5 13. Qf4 h6 14. h4 Nh7 15. h5 Be7
16. Bxh7 Rxh7 17. Qd4 f5 18. f4 Bh4+ 19. Kd2 Bb7 20. Nf3 Be7 21. c3 Qc7 22. g3
O-O-O 23. Rc1 Ba6 24. Rg1 Kb7 25. Re1 Rhh8 26. Ra2 c5 27. Qd3 Rd7 28. Nh4 Rc8
29. Ke2 d4 30. exd4 cxd4 31. Qf3+ Kb8 32. Rd1 Qc4+ 33. Ke1 Qxa2 34. Qd3 Qh2 35.
Rd2 Qh1+ 36. Ke2 Qe4+ 37. Kd1 Qxd3 38. Rxd3 Bxh4 39. gxh4 Bb7 40. Kd2 Be4 41.
Rxd4 Rxd4+ 42. cxd4 Bxb1 43. Ke2 Rc3 44. Kd2 Rh3 45. Kc1 Rxh4 46. Kxb1 Rxf4 47.
Kc2 Rxd4 48. Kc3 Rd5 0-1

[Event "AUTO-OPEN-3451"]
[Site "http://www.queenalice.com/game.php?id=1347551"]
[Date "2015.3.15"]
[Round "1"]
[White "essenfelder"]
[Black "grautvornix"]
[Result "1-0"]
[WhiteElo "1730"]
[BlackElo "1832"]

1. e4 Nf6 2. e5 Nd5 3. d4 d6 4. c4 Nb6 5. Nc3 dxe5 6. dxe5 Qxd1+ 7. Nxd1 Bf5 8.
a3 e6 9. Nf3 Nc6 10. Be2 Be7 11. O-O h6 12. Ne3 Bg6 13. Bd2 O-O-O 14. Bc3 Be4
15. a4 Bb4 16. Bxb4 Rd7 17. Bc3 Bd3 18. Bxd3 Rxd3 19. a5 Nd7 20. Rfd1 Nc5 21.
Rxd3 Nxd3 22. Rd1 Nf4 23. Kf1 Rd8 24. Rxd8+ Kxd8 25. g3 Ng6 26. Ke2 Ke7 27. h4
a6 28. b4 Nf8 29. b5 Nb8 30. Nd4 Nfd7 31. f4 h5 32. Bb4+ Ke8 33. Kf3 g6 34. g4
b6 35. Nc6 Nxc6 36. bxc6 Nb8 37. axb6 Nxc6 38. bxc7 Kd7 39. Bd6 Na7 40. Nc2 Nc6
41. gxh5 gxh5 42. Ke4 Na7 43. f5 a5 44. Kf4 a4 45. Kg5 Nc6 46. Kxh5 Na7 47. Kg5
1-0

[Event "AUTO-OPEN-3451"]
[Site "http://www.queenalice.com/game.php?id=1347552"]
[Date "2015.3.15"]
[Round "1"]
[White "grautvornix"]
[Black "essenfelder"]
[Result "0-1"]
[WhiteElo "1844"]
[BlackElo "1739"]

1. Nf3 b6 2. e4 Bb7 3. Nc3 g6 4. d4 Bg7 5. Be3 e6 6. Bd3 Ne7 7. Qd2 O-O 8. O-O
d5 9. g4 dxe4 10. Bxe4 Bxe4 11. Nxe4 Nbc6 12. c3 Qc8 13. Bh6 f5 14. Qg5 fxe4 15.
Bxg7 Kxg7 16. Ne5 Rf6 17. f4 exf3 18. Rf2 h6 19. Qe3 Kh7 20. Rxf3 Rxf3 21. Qxf3
Nxe5 22. dxe5 Qf8 23. Rf1 Qxf3 24. Rxf3 Kg7 25. Rd3 c5 26. c4 Kf7 27. Kf2 a6 28.
Ke3 Ra7 29. h3 Ke8 30. Ke4 Rd7 31. Rb3 Rb7 32. a4 Nc6 33. Rf3 Ne7 34. Rf6 Kd7
35. Rf7 b5 36. Rf8 bxc4 0-1

[Event "AUTO-OPEN-3451"]
[Site "http://www.queenalice.com/game.php?id=1347573"]
[Date "2015.3.15"]
[Round "1"]
[White "erivaldoadao"]
[Black "grautvornix"]
[Result "1-0"]
[WhiteElo "1660"]
[BlackElo "1841"]

1. d4 Nf6 2. Nf3 c5 3. dxc5 Na6 4. e3 Rb8 5. Be2 Nxc5 6. Nc3 a6 7. Bd2 Nce4 8.
Nxe4 Nxe4 9. O-O Qc7 10. h3 d6 11. c3 e5 12. Bd3 Nxd2 13. Nxd2 Be6 14. Qc2 h6
15. f4 Be7 16. c4 O-O 17. b4 d5 18. cxd5 Bxd5 19. Qxc7 Bh4 20. e4 Bc6 21. Qxe5
Rbe8 22. Qh5 Bf6 23. e5 Be7 24. a3 b5 25. f5 Bg5 26. Ne4 Bxe4 27. Bxe4 f6 28. e6
Re7 29. Rad1 Be3+ 30. Kh1 Bb6 31. Rd7 Rxd7 32. exd7 Rd8 33. Qe8+ Kh7 34. Qg6+
Kg8 35. Bd5+ Kh8 36. Qe8+ 1-0

[Event "AUTO-OPEN-3451"]
[Site "http://www.queenalice.com/game.php?id=1347574"]
[Date "2015.3.15"]
[Round "1"]
[White "grautvornix"]
[Black "erivaldoadao"]
[Result "0-1"]
[WhiteElo "1821"]
[BlackElo "1688"]

1. Nf3 d5 2. c4 dxc4 3. Na3 Nf6 4. Nxc4 e6 5. b3 Be7 6. Bb2 O-O 7. Nce5 Nbd7 8.
e3 b6 9. Nd4 Bb7 10. Nec6 Bxc6 11. Nxc6 Qe8 12. Nxe7+ Qxe7 13. Bd3 Rab8 14. O-O
h6 15. Kh1 Nc5 16. Bc2 Rfd8 17. f3 Nd5 18. Qe2 Nb4 19. d4 Nd7 20. e4 Nf6 21. Bc3
Nxc2 22. Qxc2 c5 23. Qf2 cxd4 24. Bxd4 e5 25. Bb2 Rd7 26. Rac1 Rbd8 27. Bc3 b5
28. Qe2 b4 29. Be1 Nh5 30. Bg3 Nxg3+ 31. hxg3 Rd2 32. Qe3 Rxa2 33. Rf2 Rxf2 34.
Qxf2 Qg5 35. Ra1 Rd2 36. Qg1 Qxg3 37. Qh2 Qg5 38. Qh3 Rb2 39. Qc8+ Kh7 40. Qf5+
Qxf5 41. exf5 Rxb3 42. Rxa7 f6 43. Kh2 Rb1 44. Kg3 h5 45. Rb7 Kh6 46. Kf2 b3 47.
Ke3 b2 48. Kf2 h4 49. Rb4 g5 50. Rb6 Kg7 51. Rb7+ Kf8 52. Ke2 Rg1 53. Rb8+ Ke7
54. Rb7+ Kd6 55. Rb6+ Kc5 56. Rb8 b1=Q 57. Rc8+ Kd6 58. Rd8+ Ke7 0-1

[Event "AUTO-OPEN-3451"]
[Site "http://www.queenalice.com/game.php?id=1347587"]
[Date "2015.3.15"]
[Round "1"]
[White "grautvornix"]
[Black "krystek23"]
[Result "0-1"]
[WhiteElo "1812"]
[BlackElo "2235"]

1. Nf3 Nf6 2. b4 e6 3. a3 Be7 4. c4 a5 5. b5 b6 6. d3 Bb7 7. e4 d6 8. a4 Nbd7 9.
Nc3 d5 10. cxd5 exd5 11. Qc2 Bb4 12. Bd2 dxe4 13. Ng5 exd3 14. Qxd3 O-O 15. Be2
Nc5 16. Qc2 Bxg2 17. Rg1 Be4 18. Ngxe4 Nfxe4 19. Nxe4 Nxe4 20. Bxb4 Re8 21. Kf1
Qf6 22. Bf3 Qxf3 23. Qb2 Qd3+ 24. Kg2 Re6 25. f3 Rg6+ 26. Kh1 Qxf3+ 27. Rg2 axb4
0-1

[Event "AUTO-OPEN-3451"]
[Site "http://www.queenalice.com/game.php?id=1347588"]
[Date "2015.3.15"]
[Round "1"]
[White "krystek23"]
[Black "grautvornix"]
[Result "1-0"]
[WhiteElo "2204"]
[BlackElo "1813"]

1. c4 d6 2. Nc3 g6 3. Nf3 Bg7 4. g3 b6 5. Bg2 Bb7 6. d4 e6 7. O-O Nd7 8. e4 Ne7
9. Be3 h6 10. Ne1 a6 11. Rc1 Rb8 12. d5 e5 13. Qa4 O-O 14. Qc2 Nf6 15. b4 Bc8
16. Kh1 g5 17. Nd1 Ng6 18. Bd2 Bd7 19. a4 Qc8 20. c5 Bh3 21. Qd3 Bxg2+ 22. Kxg2
Nh7 23. cxd6 Qd7 24. dxc7 Ra8 25. d6 Nf6 26. b5 a5 27. Rc6 Rfc8 28. Ne3 Ra7 29.
Nc4 Kh7 30. Nxb6 1-0

[Event "Challenge"]
[Site "http://www.queenalice.com/game.php?id=1354116"]
[Date "2015.4.17"]
[Round "-"]
[White "TheKink"]
[Black "grautvornix"]
[Result "1/2-1/2"]
[WhiteElo "2129"]
[BlackElo "1815"]

1. Nf3 b5 2. g3 c5 3. d3 d5 4. Bg2 Bb7 5. O-O Nf6 6. Bg5 Nbd7 7. Nbd2 e6 8. Rb1
Bd6 9. c4 a6 10. a3 Qc7 11. Qc2 Rc8 12. Rfc1 O-O 13. b4 bxc4 14. dxc4 cxb4 15.
axb4 dxc4 16. Qxc4 Qb6 17. Qb3 Bd5 18. Qb2 Rxc1+ 19. Rxc1 Ne4 20. Nxe4 Bxe4 21.
Rc4 Bxf3 22. Bxf3 Be5 23. Qc2 Bf6 24. Bxf6 Nxf6 25. Rc8 Rd8 26. Qc6 Qxc6 27.
Rxd8+ Qe8 28. Rxe8+ Nxe8 29. Bb7 Nc7 30. e4 Kf8 31. Kf1 Ke7 32. e5 Nd5 33. Bxa6
Nxb4 34. Bb5 Nd5 35. Bd3 h6 36. f4 f6 37. Ke2 g5 38. exf6+ Kxf6 39. Kf3 e5 40.
fxe5+ Kxe5 41. h3 Nb4 42. Bb1 Nc6 43. h4 Kf6 44. hxg5+ hxg5 45. Be4 Ne5+ 46. Ke3
Ng4+ 47. Kf3 Ne5+ 48. Ke3 1/2-1/2

[Event "Challenge"]
[Site "http://www.queenalice.com/game.php?id=1354119"]
[Date "2015.4.17"]
[Round "-"]
[White "grautvornix"]
[Black "TheKink"]
[Result "0-1"]
[WhiteElo "1800"]
[BlackElo "2135"]

1. f4 c6 2. Nf3 Qc7 3. d3 d6 4. b3 Bg4 5. e4 Nd7 6. Be2 Bxf3 7. Bxf3 e5 8. f5
Ngf6 9. Be3 g6 10. O-O O-O-O 11. c4 Bg7 12. b4 gxf5 13. exf5 e4 14. Be2 Ng4 15.
Bxg4 Bxa1 16. d4 c5 17. bxc5 dxc5 18. Qa4 Bxd4 19. Bxd4 cxd4 20. Qxa7 f6 21. Na3
d3 22. c5 Qxc5+ 23. Qxc5+ Nxc5 24. Nb5 e3 25. Rc1 b6 26. Kf1 e2+ 27. Kf2 d2 28.
Rd1 exd1=Q 29. Bxd1 Rhe8 30. Nc3 Ne4+ 0-1

[Event "Challenge"]
[Site "http://www.queenalice.com/game.php?id=1354649"]
[Date "2015.4.20"]
[Round "-"]
[White "Leofelix"]
[Black "grautvornix"]
[Result "0-1"]
[WhiteElo "1828"]
[BlackElo "1828"]

1. e4 d6 2. Nf3 g6 3. d4 Bg7 4. Nc3 a6 5. Bc4 b5 6. Bd3 Nf6 7. h3 Bb7 8. O-O e6
9. Be3 O-O 10. Bg5 h6 11. Be3 d5 12. e5 Ne4 13. Nd2 f5 14. Ndxe4 fxe4 15. Be2
Nc6 16. Bg4 Bc8 17. a3 Bd7 18. f4 Ne7 19. a4 b4 20. Ne2 h5 21. Bxh5 gxh5 22. Ng3
Nf5 23. Qe1 Nxe3 24. Qxe3 Qh4 25. b3 Bh6 26. Ne2 Rf5 27. Qg3+ Qxg3 28. Nxg3 Rf7
29. Nxh5 Bg7 30. Rac1 Kf8 31. c4 c6 32. cxd5 cxd5 33. Rc7 Be8 34. Rcc1 Re7 35.
Nxg7 Rxg7 36. Rf2 Rg3 37. f5 Rc3 38. fxe6+ Ke7 39. Rfc2 Rac8 40. Rxc3 Rxc3 41.
Rb1 Kxe6 42. h4 Rd3 43. Kf1 Rxd4 44. Ke2 Kxe5 45. Rh1 Bh5+ 46. Kf2 Rd2+ 47. Kg3
Rd3+ 48. Kf2 Rxb3 49. g4 Bxg4 50. h5 Rh3 51. Rg1 Bxh5 52. Kg2 Rf3 53. Rh1 Be8
54. Rh8 Bxa4 55. Rh5+ Kd4 56. Rh1 Bc2 57. Rf1 Rxf1 58. Kxf1 b3 59. Ke2 b2 60.
Kf2 b1=Q 61. Ke2 Qd1+ 62. Kf2 e3+ 63. Kg2 e2 64. Kh2 e1=Q 65. Kh3 a5 66. Kg2 a4
67. Kh3 a3 68. Kg2 a2 69. Kh3 a1=Q 70. Kg2 Kc5 71. Kh3 Bh7 72. Kg2 d4 73. Kh3 d3
74. Kg2 d2 75. Kh3 Be4 76. Kh2 Bg2 77. Kxg2 Qdc1 78. Kh2 d1=Q 79. Kg2 Qg4+ 80.
Kh2 Qh6# 0-1

[Event "Challenge"]
[Site "http://www.queenalice.com/game.php?id=1357354"]
[Date "2015.5.4"]
[Round "-"]
[White "Magogue"]
[Black "grautvornix"]
[Result "0-1"]
[WhiteElo "1960"]
[BlackElo "1779"]

1. e4 d6 2. d4 g6 3. Nf3 Bg7 4. Nc3 a6 5. Be2 Nd7 6. O-O e6 7. a4 b6 8. Bc4 Ne7
9. Re1 Bb7 10. Bf4 Rc8 11. Qd3 h6 12. Bxa6 Rb8 13. Bxb7 Rxb7 14. Nb5 Nc8 15. c4
O-O 16. Qd2 Kh7 17. h3 e5 18. dxe5 dxe5 19. Bh2 f6 20. Red1 c6 21. Nd6 Nxd6 22.
Qxd6 c5 23. Rd2 Qc7 24. Rad1 Nb8 25. Qxc7 Rxc7 26. Rd8 Nc6 27. R8d2 Nd4 28. Nxd4
cxd4 29. b3 Rcf7 0-1

[Event "Challenge"]
[Site "http://www.queenalice.com/game.php?id=1357355"]
[Date "2015.5.4"]
[Round "-"]
[White "grautvornix"]
[Black "Magogue"]
[Result "0-1"]
[WhiteElo "1797"]
[BlackElo "1755"]

1. Nf3 d6 2. c4 g6 3. Nc3 Bg7 4. b4 Be6 5. e3 a6 6. d4 Nh6 7. h3 c5 8. a3 cxd4
9. Nxd4 Bd7 10. Be2 Nf5 11. Bb2 Nxd4 12. exd4 Nc6 13. d5 Na7 14. Rb1 O-O 15. Ne4
Bxb2 16. Rxb2 Bf5 17. Ng3 Bd7 18. O-O Nc8 19. Qd4 f5 20. f4 Qb6 21. Rd1 Ba4 22.
Re1 Qxd4+ 23. Kh2 Qxb2 0-1